MUTLULUĞU SENDE BULAN SENİNDİR ÖTESİ MİSAFİR (Record no. 1207092)

MARC details
000 -LEADER
sabit uzunluktaki kontrol alanı 00278nam a2200097Ia 4500
001 - KONTROL NUMARASI
kontrol alanı 1207092
005 - EN SON İŞLEMİN TARİH VE ZAMANI
kontrol alanı 20250827022818.0
008 - SABİT-UZUNLUKTA VERİ ÖĞELERİ--GENEL BİLGİ
sabit uzunluktaki kontrol alanı 250824s9999 xx 000 0 und d
245 #0 - ESER / YAZAR
ESER ADI MUTLULUĞU SENDE BULAN SENİNDİR ÖTESİ MİSAFİR
Yazar Adı HAKAN MENGÜÇ
260 ## - YAYIN, DAĞITIM, VB.
YAYIN EVİ DESTEK YAYINLARI
Holdings
Düşüm durumu Kayıp durumu Sınıflandırma Kaynağı veya raf şeması Hasar Durumu Ödünç verilmez Ana kütüphane Geçerli Kütüphane Edinilen tarih Toplam ödünç verme sayısı Tam yer numarası Barkod Son görüntüleme tarihi Son ödünç verme tarihi Fiyatın geçerli olmaya başladığı tarih Koha materyal türü
    Dewey Ondalık Sınıflama     KONYA ATATÜRK ANADOLU LİSESİ KONYA ATATÜRK ANADOLU LİSESİ 24.08.2025 1 F-3 11011191 20.10.2025 17.10.2025 27.08.2025 Books